|
|
|
|
| LEADER |
00000nab a2200000 a 4500 |
| 001 |
vtls010022421 |
| 003 |
SK-MaSNL |
| 005 |
20260303162123.0 |
| 008 |
091118c20090910xo r p 000 00slo |
| 015 |
|
|
|a SNBRB2009/11SVKPO
|
| 038 |
|
|
|a SVKPOCL
|
| 040 |
|
|
|a SVKPOCL
|b slo
|c SVKPO
|e AACR2
|
| 041 |
0 |
|
|a slo
|
| 044 |
|
|
|a xo
|c SK
|
| 080 |
|
|
|a 556-051
|2 2001
|
| 080 |
|
|
|a 626/628-051
|2 2001
|
| 080 |
|
|
|a 929 Smrek, Jozef Miloslav
|2 2001
|
| 100 |
1 |
|
|a Elek, Tibor,
|d 1931-
|4 aut
|9 109624
|
| 245 |
1 |
0 |
|a K 75. narodeninám Ing. Jozefa Miloslava Smreka
|c Tibor Elek
|
| 300 |
|
|
|a Fotogr.
|
| 500 |
|
|
|a Ing. Jozef Miloslav Smrek sa narodil 29. júla 1934 v Podolínci
|
| 600 |
1 |
7 |
|a Smrek, Jozef Miloslav,
|d 1934-2011
|2 SNK
|9 1185363
|
| 650 |
0 |
7 |
|a vodohospodári
|2 SNKPH
|9 31323
|
| 650 |
0 |
7 |
|a osobnosti
|2 SNKPH
|9 29820
|
| 650 |
0 |
7 |
|a rodáci
|2 SNKPH
|9 30842
|
| 651 |
|
7 |
|a Podolínec (Slovensko)
|2 SNKPHgeo
|9 19195
|
| 773 |
0 |
|
|t Vodohospodársky spravodajca
|g Roč. 52, č. 9-10 (2009), s. 36
|x 0322-886X
|
| 852 |
|
|
|a SVKPO
|b KIS3GCP
|
| 958 |
|
|
|a NB
|
| 958 |
|
|
|a SK
|
| 958 |
|
|
|a BX
|
| 999 |
|
|
|c 2052293
|d 2054223
|